[Event "COL-ch sf2 U16"]
[Site "Cartagena"]
[Date "2016.04.30"]
[Round "5.8"]
[White "Angulo Castillo, Francisco"]
[Black "Florez Hernandez, Camilo"]
[Result "1-0"]
[WhiteElo "1600"]
[BlackElo "1422"]
[PlyCount "49"]
[EventDate "2016.04.28"]
[EventType "swiss"]
[EventRounds "6"]
[EventCountry "COL"]
[SourceTitle "EXT 2024"]
[Source "ChessBase"]
[SourceDate "2023.10.10"]
[SourceVersion "1"]
[SourceVersionDate "2023.10.10"]
[SourceQuality "1"]

1. e4 e5 2. Nf3 Nc6 3. d4 d5 4. dxe5 dxe4 5. Qxd8+ Nxd8 6. Nd4 Bb4+ 7. Bd2 Bxd2+ 8. Nxd2 Nf6 9. exf6 gxf6 10. Nxe4 f5 11. Nc3 0-0 12. 0-0-0 f4 13. Bd3 Re8 14. Rhe1 Rf8 15. Re4 c5 16. Nde2 Bg4 17. Rxf4 Bxe2 18. Nxe2 Ne6 19. Rg4+ Kh8 20. Bxh7 f5 21. Rh4 Rf7 22. Bxf5+ Kg8 23. Bxe6 Re8 24. Bxf7+ Kf8 25. Bxe8 1-0